<?xml version="1.0" encoding="UTF-8"?>
<marc:record xmlns:marc="http://www.loc.gov/MARC21/slim">
   <marc:leader>00000nam a2200000 a 4500</marc:leader>
   <marc:datafield ind1="1" ind2=" " tag="100">
      <marc:subfield code="a">Young, Audrey</marc:subfield>
      <marc:subfield code="4">aut</marc:subfield>
      <marc:subfield code="e">Verfasser/-in</marc:subfield>
   </marc:datafield>
   <marc:datafield ind1=" " ind2=" " tag="653">
      <marc:subfield code="a">deutsch-ukrainisch</marc:subfield>
   </marc:datafield>
   <marc:datafield ind1="0" ind2="0" tag="245">
      <marc:subfield code="a">Daisy sieht rot</marc:subfield>
   </marc:datafield>
   <marc:datafield ind1="0" ind2="0" tag="245">
      <marc:subfield code="b">zweisprachiges Bilderbuch - Deutsch-Ukrainisch</marc:subfield>
   </marc:datafield>
   <marc:datafield ind1=" " ind2="1" tag="264">
      <marc:subfield code="b">Independently published </marc:subfield>
      <marc:subfield code="c">2022</marc:subfield>
   </marc:datafield>
   <marc:datafield ind1="1" ind2=" " tag="520">
      <marc:subfield code="a">Zweisprachiges Bilderbuch Deutsch-UkrainischDaisy die temperamentvolle Elefantendame ist eine liebenswerte Alltagsheldin, mit der sich Kinder im Handumdrehen identifizieren.&lt;br/&gt;Handgezeichnete Bilder machen Daisys Wut auch für die Kleinsten erfahrbar und nehmen die jungen Leser mit auf eine emotionale Reise. An deren Ende die Einsicht steht, dass sich Wut doch gut artikulieren lässt. Man muss nur gelernt haben, wie.&lt;br/&gt;Gemeinsam mit Daisy lernen Kinder, kleinen Kränkungen mit Geduld und Verständnis zu begegnen. Ausgrenzung, sei sie bewusst oder unbewusst, wandelt sich dabei zu Wertschätzung. Die beste Basis für ein gesundes Selbstbewusstsein, eine glückliche Kindheit und eine ausgeglichene Persönlichkeit!&lt;br/&gt;&lt;br/&gt;&lt;br/&gt;</marc:subfield>
   </marc:datafield>
   <marc:datafield ind1=" " ind2=" " tag="020">
      <marc:subfield code="a">9798445960867</marc:subfield>
      <marc:subfield code="9">9798445960867</marc:subfield>
   </marc:datafield>
   <marc:datafield ind1="1" ind2=" " tag="521">
      <marc:subfield code="a">0</marc:subfield>
   </marc:datafield>
   <marc:datafield ind1=" " ind2=" " tag="300">
      <marc:subfield code="a">31 Seiten</marc:subfield>
   </marc:datafield>
</marc:record>
